[Event "Mecklenburg VP-ch Youth"]
[Site "Malchow"]
[Date "2017.02.16"]
[Round "1.9"]
[White "Naujok, Merle"]
[Black "Johlke, Lorenz"]
[Result "0-1"]
[WhiteElo "1078"]
[BlackElo "1237"]
[PlyCount "56"]
[EventDate "2017.02.08"]
[EventType "swiss"]
[EventRounds "7"]
[EventCountry "GER"]
[SourceTitle "EXT 2022"]
[Source "ChessBase"]
[SourceDate "2021.10.06"]
[SourceVersion "1"]
[SourceVersionDate "2021.10.06"]
[SourceQuality "1"]

1. Nf3 d5 2. d3 Nf6 3. g3 Bg4 4. Bg2 e6 5. 0-0 Be7 6. Bf4 0-0 7. Nbd2 Nbd7 8. Qc1 c6 9. e4 Nb6 10. Re1 Re8 11. h3 Bh5 12. e5 Nfd7 13. Nb3 f6 14. d4 fxe5 15. dxe5 Nc5 16. Nxc5 Bxc5 17. Bg5 Qc7 18. Qf4 Rf8 19. Qh4 Bxf3 20. Bf1 Nd7 21. Bd3 g6 22. Bf4 Qb6 23. Rf1 Qd8 24. Qh6 Qe7 25. g4 Qg7 26. Qg5 Be7 27. Qh6 Qxh6 28. Bxh6 Rf7 0-1

[Event "Mecklenburg VP-ch Youth"]
[Site "Malchow"]
[Date "2017.02.16"]
[Round "5.9"]
[White "Pfennigschmidt, Lennart Ivo"]
[Black "Naujok, Merle"]
[Result "1-0"]
[WhiteElo "1144"]
[BlackElo "1078"]
[PlyCount "101"]
[EventDate "2017.02.08"]
[EventType "swiss"]
[EventRounds "7"]
[EventCountry "GER"]
[SourceTitle "EXT 2022"]
[Source "ChessBase"]
[SourceDate "2021.10.06"]
[SourceVersion "1"]
[SourceVersionDate "2021.10.06"]
[SourceQuality "1"]

1. e4 d6 2. d4 Nf6 3. Nc3 g6 4. f4 Bg7 5. Nf3 0-0 6. Bc4 Nbd7 7. e5 dxe5 8. fxe5 Ng4 9. h3 Nh6 10. g4 e6 11. Ng5 Nb6 12. Bb3 Qe7 13. Nge4 Qh4+ 14. Kf1 f5 15. gxf5 Nxf5 16. Kg2 Bh6 17. Qe2 Bf4 18. Bxf4 Qxf4 19. Nf6+ Kg7 20. Nce4 h5 21. Rhg1 Nh4+ 22. Kh1 Qf3+ 23. Qxf3 Nxf3 24. Rg3 Nxd4 25. Rag1 Nf5 26. Rxg6+ Kf7 27. Nxh5 Nd7 28. Bxe6+ Ke7 29. Bxf5 Rxf5 30. Rh6 Nxe5 31. Rg7+ Nf7 32. Kg2 Be6 33. Kg3 b6 34. b3 Rd8 35. Nf4 Bc8 36. c4 Rd4 37. Nd5+ Kd8 38. Rf6 Ne5 39. Rg8+ Kd7 40. Rxf5 Rxe4 41. Nf6+ Kc6 42. Rxc8 Re3+ 43. Kf4 Re2 44. Rxe5 Rf2+ 45. Kg5 Rxa2 46. Ne8 Rg2+ 47. Kh6 Kb7 48. Rxc7+ Ka6 49. b4 Rb2 50. Ree7 b5 51. Re6# 1-0

[Event "Mecklenburg VP U14"]
[Site "Malchow"]
[Date "2016.02.02"]
[Round "4.7"]
[White "Puls, Luisa"]
[Black "Naujok, Merle"]
[Result "1/2-1/2"]
[WhiteElo "1246"]
[BlackElo "1018"]
[PlyCount "57"]
[EventDate "2016.02.02"]
[EventType "swiss"]
[EventRounds "7"]
[EventCountry "GER"]
[SourceTitle "EXT 2024"]
[Source "ChessBase"]
[SourceDate "2023.10.10"]
[SourceVersion "1"]
[SourceVersionDate "2023.10.10"]
[SourceQuality "1"]

1. e4 g6 2. d4 d6 3. Be2 Bg7 4. Be3 Nf6 5. Nc3 0-0 6. g4 c6 7. g5 Nfd7 8. Qd2 e5 9. 0-0-0 Nb6 10. h4 Be6 11. f4 N8d7 12. Kb1 Nc4 13. Bxc4 Bxc4 14. d5 c5 15. f5 Re8 16. h5 b5 17. f6 Bf8 18. hxg6 fxg6 19. a3 a5 20. Nce2 b4 21. Rf1 Kf7 22. Rxh7+ Kg8 23. Rh3 bxa3 24. f7+ Kg7 25. fxe8Q Qxe8 26. Nf3 Rb8 27. b3 a4 28. Rfh1 Kf7 29. Qc3 1/2-1/2

[Event "Mecklenburg VP-ch U12"]
[Site "Malchow"]
[Date "2014.02.01"]
[Round "2"]
[White "Naujok, Merle"]
[Black "Pfennigschmidt, Lennart Ivo"]
[Result "1-0"]
[WhiteElo "802"]
[BlackElo "855"]
[PlyCount "41"]
[EventDate "2014.02.01"]
[EventType "swiss"]
[EventRounds "7"]
[EventCountry "GER"]
[SourceTitle "EXT 2017"]
[Source "ChessBase"]
[SourceDate "2016.10.25"]
[SourceVersion "1"]
[SourceVersionDate "2016.10.25"]
[SourceQuality "1"]

1. Nf3 d5 2. d4 Nc6 3. Nc3 Bf5 4. Bf4 Nb4 5. Rc1 Nf6 6. g3 Ne4 7. Nxe4 Bxe4 8. Bg2 Nxa2 9. Rb1 Nb4 10. 0-0 Bxc2 11. Qd2 Bxb1 12. Rxb1 e6 13. Rc1 Na2 14. Bxc7 Qc8 15. Rc2 Bb4 16. Qf4 Ba5 17. b3 Nb4 18. Rc3 Na6 19. Bxa5 Qd7 20. Ne5 Qb5 21. Qxf7# 1-0